000 00770nas a2200241 4500
001 BR4500048
003 BR-BrBNA
005 20231205081836.0
007 ta
008 230509b bl.|||p| |||| 00| 00por d
040 _aBR-BrBNA
_bpor
_cBiblioteca Nacional de Agricultura
041 _a(Pt)
072 _aE50; E15
110 1 _aServico de Economia Rural, Rio de Janeiro, GB (Brasil)
_99315
245 1 _aFederacao de cooperativas [Assistencia tecnica]
650 _aSociologia rural
650 _aMicroeconomia
650 _aAssistencia social
650 _aCooperativa
773 0 _tBoletim de Cooperativismo do Estado do Rio de Janeiro (Brazil)
_x
_g(Jul 1945), v. 4(31) p. 14-16
_wBR4500048
909 _a202311
_bLúcia
_c55
_dLúcia Elande
942 _2AGRIS
_n0
_cANA
999 _c87260
_d87260